| 000 | 00618ntaaa2200205 4500 | ||
|---|---|---|---|
| 003 | 01 | ||
| 005 | 20251027202236.0 | ||
| 008 | 0714s1973 ag 01 | ||
| 040 |
_aAR-BaBN _bspa _cAR-BaBN _eaacr _dRIC |
||
| 082 | _a268.1200 Su6 | ||
| 100 |
_aSummers, Jester _920867 |
||
| 245 | _aLearning from Jesus | ||
| 250 | _a1 ed. | ||
| 260 |
_aNashville : _bConvention Press, _c1970 |
||
| 300 | _a115 p | ||
| 500 | _aGuía para maestros de principiantes en las escuelas bíblicas de vacaciones, 1971 | ||
| 650 | _aescuela bíblica de vacaciones | ||
| 650 |
_aPrincipiantes-escuela bíblica de vacaciones _920868 |
||
| 942 | _cBK | ||
| 999 |
_c17251 _d17251 |
||